| 000 | 00354nam a2200133Ia 4500 | ||
|---|---|---|---|
| 008 | 220216s9999 xx 000 0 und d | ||
| 100 |
_aAdhikari A _cet al |
||
| 245 | 0 | _aHeat resistant IIR compounds for automobile tubes | |
| 260 |
_bRubber chem review _c1993 |
||
| 300 | _a37-42 | ||
| 650 | _aAutomobile tube | ||
| 650 | _aHeat resistance | ||
| 942 | _cJS | ||
| 999 |
_c60253 _d60253 |
||